000 00275nam a22001217a 4500
041 _aENG
100 _aB,H Deshmukh
245 _aA Text Book Of Electrical Technology
260 _aDelhi
_bNirali Prakashan
_c1998
300 _a545
650 _aEOES (14 )
856 _uEOES
999 _c2682
_d2682